000 00568nam a2200157 4500
001 132759
003 ES-MaACL
005 20230906194237.0
007 t|
008 070214s1914 sp r ||||1| spa d
100 1 _aRos Ráfales, Ramiro.
_999593
245 1 0 _aMnemotecnografía
_b: arte gráfico del cultivo y desarrollo de la memoria, o sea ideografía mnemotécnica y mnemónica general /
_cpor el Dr. Ros Ráfales.
260 _aMadrid :
_b[s. n.],
_c1914 (
_fImp. Hijos de Gómez Fuentenebro)
300 _a180 p. :
_bil. ;
_c25 cm.
852 _aES-MaACL
_jF-9926
999 _c132759
_d132759